[Event "Hessen-ch U17 op"]
[Site "Bad Homburg"]
[Date "2015.04.03"]
[Round "7"]
[White "Hennemann, Tim"]
[Black "Dolaberidze, Nico"]
[Result "1-0"]
[WhiteElo "1486"]
[BlackElo "995"]
[PlyCount "75"]
[EventDate "2015.03.30"]
[EventType "swiss"]
[EventRounds "7"]
[EventCountry "GER"]
[SourceTitle "EXT 2017"]
[Source "ChessBase"]
[SourceDate "2016.10.25"]
[SourceVersion "1"]
[SourceVersionDate "2016.10.25"]
[SourceQuality "1"]

1. d4 d5 2. c4 Nf6 3. Nc3 e6 4. Bg5 Be7 5. Nf3 Nc6 6. e3 Ne4 7. Bxe7 Nxe7 8. Nxe4 dxe4 9. Nd2 f5 10. f3 exf3 11. Nxf3 Ng6 12. Bd3 0-0 13. h4 h6 14. h5 Ne7 15. Ne5 Qe8 16. Qf3 Rf6 17. Kd2 c6 18. Rag1 Qd8 19. b4 Qd6 20. c5 Qd5 21. Bc4 Qxf3 22. gxf3 b6 23. Rg2 f4 24. e4 b5 25. Bb3 Bb7 26. Rhg1 Kf8 27. Nd7+ Ke8 28. Nxf6+ gxf6 29. Bxe6 Kf8 30. Rg7 Rd8 31. Kd3 Bc8 32. Bxc8 Rxc8 33. d5 Ke8 34. d6 Rd8 35. Rxe7+ Kf8 36. Rg6 a6 37. Rxh6 Kg8 38. Rxf6 1-0

[Event "Hessen-ch U17 op"]
[Site "Bad Homburg"]
[Date "2015.04.02"]
[Round "5"]
[White "Hennemann, Tim"]
[Black "Drebes, Eric"]
[Result "1-0"]
[WhiteElo "1486"]
[BlackElo "984"]
[PlyCount "101"]
[EventDate "2015.03.30"]
[EventType "swiss"]
[EventRounds "7"]
[EventCountry "GER"]
[SourceTitle "EXT 2017"]
[Source "ChessBase"]
[SourceDate "2016.10.25"]
[SourceVersion "1"]
[SourceVersionDate "2016.10.25"]
[SourceQuality "1"]

1. d4 d5 2. c4 dxc4 3. Nc3 Nf6 4. e3 e6 5. Bxc4 Bd6 6. Nf3 0-0 7. 0-0 Bd7 8. e4 Bb4 9. Qe2 Bxc3 10. bxc3 Bc6 11. Bd3 Nbd7 12. Bg5 Qe8 13. e5 Nd5 14. Qe4 f5 15. exf6 N7xf6 16. Bxf6 Nxf6 17. Qf4 Qe7 18. Ne5 Bd5 19. f3 Nh5 20. Qe3 Nf4 21. c4 Nxd3 22. Qxd3 Bc6 23. Nxc6 bxc6 24. Rfe1 Rad8 25. Qe4 Rfe8 26. Rad1 Rb8 27. Qxc6 Rb2 28. Qa4 Rb4 29. Qxa7 Rxc4 30. d5 c6 31. Qxe7 Rxe7 32. d6 Rd7 33. Rxe6 Kf8 34. Rde1 Rd8 35. R6e4 Rxe4 36. fxe4 Rxd6 37. Rc1 Ke7 38. a4 Rd4 39. a5 Rxe4 40. a6 Ra4 41. Rxc6 Kd7 42. Rb6 Kc8 43. Kf2 g6 44. Ke3 Ra2 45. Kd4 Rxg2 46. a7 Kc7 47. a8Q Rg4+ 48. Ke5 Kxb6 49. Qd8+ Ka6 50. Qc8+ Ka5 51. Qxg4 1-0

[Event "Hessen-ch U17 op"]
[Site "Bad Homburg"]
[Date "2015.03.30"]
[Round "3"]
[White "Hennemann, Tim"]
[Black "Morgenroth, Fabian"]
[Result "0-1"]
[WhiteElo "1486"]
[BlackElo "1506"]
[PlyCount "88"]
[EventDate "2015.03.30"]
[EventType "swiss"]
[EventRounds "7"]
[EventCountry "GER"]
[SourceTitle "EXT 2017"]
[Source "ChessBase"]
[SourceDate "2016.10.25"]
[SourceVersion "1"]
[SourceVersionDate "2016.10.25"]
[SourceQuality "1"]

1. d4 Nf6 2. Nf3 g6 3. Nc3 Bg7 4. e4 d6 5. Bg5 h6 6. Bf4 0-0 7. Qd2 Kh7 8. h3 Nbd7 9. 0-0-0 Ng8 10. Bc4 c6 11. g4 b5 12. Bb3 a5 13. d5 a4 14. dxc6 axb3 15. cxb3 Nb8 16. Qd5 Qc7 17. Nxb5 Qxc6+ 18. Qxc6 Nxc6 19. a4 Ba6 20. Nc7 Ra7 21. Nd5 Be2 22. Be3 Bxd1 23. Rxd1 Rb7 24. Kc2 Rc8 25. Nc3 Ne5 26. Nxe5 Bxe5 27. a5 Ra8 28. b4 Rxb4 29. Bb6 Nf6 30. Ra1 Bd4 31. Bxd4 Rxd4 32. Nb5 Rc4+ 33. Kd3 Rc5 34. Nc3 Rcxa5 35. Rb1 Ra1 36. b4 Rxb1 37. Nxb1 Rb8 38. Kc4 Nxe4 39. Na3 Nxf2 40. b5 Nxh3 41. Kd5 Nf2 42. Kc6 Nxg4 43. Kc7 Rxb5 44. Nxb5 h5 0-1

[Event "Hessen-ch U12"]
[Site "Bad Homburg"]
[Date "2012.??.??"]
[Round "8"]
[White "Flach, Helene"]
[Black "Hennemann, Tim"]
[Result "1-0"]
[WhiteElo "925"]
[BlackElo "791"]
[PlyCount "45"]
[EventDate "2012.04.??"]
[EventType "swiss"]
[EventRounds "9"]
[EventCountry "GER"]
[SourceTitle "EXT 2015"]
[Source "ChessBase"]
[SourceDate "2014.11.20"]
[SourceVersion "1"]
[SourceVersionDate "2014.11.20"]
[SourceQuality "1"]

1. e4 e5 2. Nf3 Nc6 3. Bc4 Bc5 4. c3 d6 5. d4 exd4 6. cxd4 Bb4+ 7. Nc3 Nf6 8. 0-0 Bxc3 9. d5 Ne7 10. bxc3 Nxe4 11. Qd4 Nc5 12. Qxg7 Ng6 13. Re1+ Kd7 14. Qxf7+ Ne7 15. Bg5 Re8 16. Re2 Na4 17. Bb5+ c6 18. Bxa4 h6 19. Bh4 h5 20. Rae1 b5 21. Rxe7+ Qxe7 22. Rxe7+ Rxe7 23. Qxe7# 1-0